| 000 | 00373nam a2200145Ia 4500 | ||
|---|---|---|---|
| 005 | 20240801050150.0 | ||
| 008 | 240331s9999 xx 000 0 und d | ||
| 082 |
_bNON _a374 |
||
| 245 | 0 | _aNon formal education in Sri Lanka | |
| 260 |
_aColombo _bMarga Institute _c1974 |
||
| 300 | _aXiii, 242 p ., | ||
| 650 | _a Non-Formal Education | ||
| 650 | _aAgriculture | ||
| 942 | _cL | ||
| 999 |
_c2931 _d2931 |
||